000 00645nam a2200181 4500
999 _c17648
_d17648
008 221119b ||||| |||| 00| 0 eng d
020 _a9789354600296
082 _22021
_aDC 621.3822
_bEs11
100 _aEsakkirajan, S.
_946873
245 _aDigital signal processing /
_cS. Esakkirajan, T. Veerakumar and Badri N. Subudhi.
260 _aChennai :
_bMcGraw Hill,
_c©2021.
300 _axix, 1123 pages :
_billustrations ;
_c24 cm.
500 _aIncludes index.
650 _aSignal processing
_xDigital techniques.
_946874
700 _aVeerakumar, T.
_eauthor.
_946875
700 _aSubudhi, Badri N.
_eauthor.
_946876
942 _2ddc
_cDC